000 00305nam a2200133Ia 4500
008 240624s9999 xx 000 0 und d
041 _aeng
082 _a658.5 IGN
100 _aIGNOU
245 _aWORK AND JOB DESIGN 3
260 _c2007
_aNew Delhi
_bIGNOU
300 _a44 : p. : cm. ; 26
365 _cRS
999 _c7237
_d7237